| 000 | 01824cam a2200193 4500500 | ||
|---|---|---|---|
| 005 | 20251228095028.0 | ||
| 041 | _afre | ||
| 042 | _adc | ||
| 100 | 1 | 0 |
_aBerthoz, Alain _eauthor |
| 700 | 1 | 0 |
_aBaladier-Bloch, Isabelle _eauthor |
| 245 | 0 | 0 | _aLe vrai à l’aune de la perception |
| 260 | _c2016. | ||
| 500 | _a40 | ||
| 520 | _aAlain Berthoz montre combien le vrai, le faux, l’illusion sont absolument dépendants des grilles d’interprétation du cerveau. Celui-ci est une machine qui fonctionne en boucles neuronales. Ces grilles d’interprétation sont l’émanation de « modèles internes du corps », d’un double de nous-même qui donne au cerveau non seulement la possibilité de percevoir le monde mais celle d’anticiper l’action et même de créer des mondes. | ||
| 520 | _aAlain Berthoz shows how completely we rely on the brain’s interpretive grids to determine what is true, what is false or what is merely an illusion. The brain is a machine working in neuronal loops. Those interpretive grids stem from “the body’s internal models”, from a double of ourselves which allows the brain to perceive the world but also to anticipate our actions and even to create other worlds. | ||
| 520 | _aAlain Berthoz mostra até que ponto o verdadeiro, o falso e a ilusão não passam de grelhas de interpretação do nosso cérebro, uma máquina que funciona em anéis neuronais. Essas grelhas interpretativas são a emanação de “modelos internos do corpo”, de um duplo de nós próprios que confere ao cérebro não somente a possibilidade de apreender o mundo como a de antecipar a acção e mesmo de criar outros mundos. | ||
| 786 | 0 | _nSigila | 38 | 2 | 2016-10-03 | p. 25-36 | 1286-1715 | |
| 856 | 4 | 1 | _uhttps://shs.cairn.info/revue-sigila-2016-2-page-25?lang=fr&redirect-ssocas=7080 |
| 999 |
_c1605376 _d1605376 |
||